| 000 | 00608cam a22002053a 4500 | ||
|---|---|---|---|
| 001 | 37881 | ||
| 003 | PGUSA | ||
| 005 | 20140828083831.0 | ||
| 008 | 111029s2011||||xxu|||||s|||||000 | eng d | ||
| 040 |
_aPGUSA _beng |
||
| 042 | _adc | ||
| 100 | 1 |
_aColum, Padraic, _d1881-1972 |
|
| 245 | 1 | 4 |
_aThe Golden Fleece and The Heroes Who Lived Before Achilles _h[electronic resource] / _cPadraic Colum |
| 260 |
_bProject Gutenberg, _c2011 |
||
| 506 | _aPublic domain in the USA. | ||
| 516 | _aElectronic text | ||
| 830 | 0 |
_aProject Gutenberg _v37881 |
|
| 856 | 4 | 0 | _uhttp://www.gutenberg.org/ebooks/37881 |
| 942 | _cEB | ||
| 999 |
_c267135 _d267135 |
||